Administración financiera
Bewaard in:
| Hoofdauteur: | |
|---|---|
| Formaat: | Boek |
| Taal: | Spaans |
| Gepubliceerd in: |
Ciudad de México
Prentice- Hall Hispanoamericana
1993
|
| Editie: | 2a. ed |
| Onderwerpen: | |
| Tags: |
Voeg label toe
Geen labels, Wees de eerste die dit record labelt!
|
MARC
| LEADER | 00000nam a2200000 a 4500 | ||
|---|---|---|---|
| 001 | UCY3111 | ||
| 003 | CL-VaPUC | ||
| 008 | 941213e19930000MX |||||||||||||||||spa|d | ||
| 082 | 0 | 4 | |a 658.15 |b VAN |2 21 |
| 100 | 0 | |a Van Horne, James C |e author |9 331319 | |
| 245 | 1 | 0 | |a Administración financiera |
| 250 | |a 2a. ed | ||
| 300 | |a 894 p | ||
| 942 | |c BK | ||
| 945 | |d 19941213 00:00:00 |a mfernand | ||
| 260 | |a Ciudad de México |b Prentice- Hall Hispanoamericana |c 1993 | ||
| 650 | 0 | |a Administración financiera |9 261146 | |
| 583 | |a last modification |c 19941213 00:00:00 |k Rodrigo Vera | ||
| 999 | |c 231340 |d 231338 | ||
| 952 | |0 0 |1 0 |4 0 |6 658_150000000000000_VAN_1993 |7 0 |8 A |9 234509 |a BIBGIM |b BIBGIM |d 2019-11-15 |i 3070778 |o 658.15 VAN 1993 |p 3070778 |r 2025-01-15 |w 2019-11-15 |y BK |k COM | ||